Žite lepšie svoj život na stoličke
Úspech firmy závisí od nepriamej úmery medzi výkonom zamestnancov a nákladmi na ich prácu. Medzi užitočné faktory zamestnancia patria: chuť pracovať, dobrá nálada, optimizmus a sebaistota. Navzájom sa ovplyvňujú telo a myseľ, preto je dôžité ich vzájomné prepojenie a vplyv. Dobrým príkladom je cviče...
Saved in:
| Main Author: | |
|---|---|
| Format: | Book Chapter |
| Language: | Slovak |
| Subjects: | |
| Tags: |
No Tags, Be the first to tag this record!
|
MARC
| LEADER | 00000naa a2200000 4500 | ||
|---|---|---|---|
| 001 | 0234630 | ||
| 005 | 20170727121511.3 | ||
| 041 | 0 | |a slo | |
| 044 | |a SK | ||
| 245 | 1 | 0 | |a Žite lepšie svoj život na stoličke |c Liba Chiara Hladeková |
| 520 | |a Úspech firmy závisí od nepriamej úmery medzi výkonom zamestnancov a nákladmi na ich prácu. Medzi užitočné faktory zamestnancia patria: chuť pracovať, dobrá nálada, optimizmus a sebaistota. Navzájom sa ovplyvňujú telo a myseľ, preto je dôžité ich vzájomné prepojenie a vplyv. Dobrým príkladom je cvičenie na stoličke. | ||
| 610 | 2 | 0 | |a psychológia ekonomická |
| 610 | 2 | 0 | |a fyzioterapia |
| 610 | 2 | 0 | |a ergonómia |
| 610 | 2 | 0 | |a spokojnosť v práci |
| 610 | 2 | 0 | |a prostredie pracovné |
| 100 | 1 | |a Hladeková, Liba Chiara | |